| 000 | 00887cam a2200181 4500 | ||
|---|---|---|---|
| 001 | WB3903-13 | ||
| 008 | 030123n2002 000 0 eng u | ||
| 035 | _a(Sirsi) u121106 | ||
| 245 | _aFarmer fined in vole case | ||
| 260 | _c2002 | ||
| 490 |
_aEnglish Nature Press Release _v(EN/02/61) 18 November 2002, (3) |
||
| 520 | _aA farmer has pleaded guilty to recklessly destroying shelter for endangered water voles on a drainage ditch running across his Wiltshire farm, in a landmark case under the amended Wildlife and Countryside Act. The farmer had ignored Environment Agency guidelines during work to widen a water course. He was fined £750 by a local magistrate. http://www.english-nature.org.uk/news/story.asp?ID=431 | ||
| 590 | _aWB | ||
| 650 | _aWILDLIFE AND COUNTRYSIDE ACT 1981 | ||
| 650 | _aCOUNTRYSIDE AND RIGHTS OF WAY ACT 2000 | ||
| 690 |
_aRural _96268 |
||
| 942 | _n0 | ||
| 999 |
_c71966 _d71966 |
||